| 000 | 00552nam a2200217 a 4500 | ||
|---|---|---|---|
| 003 | AR-BaBNM | ||
| 005 | 20251128203421.0 | ||
| 008 | 082120s2002 ||||||||||||||000 | spa|| | ||
| 040 | _cAR-BaBNM | ||
| 100 | 1 | _aMartínez Amador, Emilio M. | |
| 245 | 0 | 0 | _aDiccionario gramatical |
| 260 |
_aBarcelona _bSopena _c1954 |
||
| 300 | _a1498 p. | ||
| 500 | _aEn la página 1489 contiene índice alfabético de materias | ||
| 650 | 4 | _aDICCIONARIOS | |
| 650 | 4 | _aGRAMATICA | |
| 650 | 4 | _aESPAÑOL | |
| 655 | _aREFERENCIA | ||
| 942 | _cBK | ||
| 998 | _claura | ||
| 999 |
_c3296 _d3296 |
||